[Event "Warsaw Najdorf Memorial op-B"]
[Site "Warsaw"]
[Date "2023.07.19"]
[Round "9"]
[White "Nesterenko, Kyrylo"]
[Black "Kulpa, Zuzanna"]
[Result "1/2-1/2"]
[WhiteElo "1907"]
[BlackElo "1911"]
[PlyCount "44"]
[EventDate "2023.07.11"]
[EventType "swiss"]
[EventRounds "9"]
[EventCountry "POL"]
[SourceTitle "EXT 2024"]
[Source "ChessBase"]
[SourceDate "2023.10.10"]
[SourceVersion "1"]
[SourceVersionDate "2023.10.10"]
[SourceQuality "1"]

1. Nf3 Nf6 2. c4 b6 3. Nc3 Bb7 4. d4 e6 5. a3 d5 6. Bg5 Be7 7. e3 0-0 8. cxd5 Nxd5 9. Bxe7 Qxe7 10. Qc2 Nxc3 11. Qxc3 Rc8 12. Be2 Nd7 13. 0-0 c5 14. Rac1 Nf6 15. dxc5 Rxc5 16. Qb4 Rac8 17. Rxc5 Qxc5 18. Qxc5 Rxc5 19. Rd1 g6 20. Kf1 Rc2 21. Rd2 Rc1+ 22. Rd1 Rc2 1/2-1/2

[Event "Warsaw Najdorf Memorial op-B"]
[Site "Warsaw"]
[Date "2023.07.18"]
[Round "8"]
[White "Kitewski, Bartosz"]
[Black "Nesterenko, Kyrylo"]
[Result "0-1"]
[WhiteElo "1971"]
[BlackElo "1907"]
[PlyCount "54"]
[EventDate "2023.07.11"]
[EventType "swiss"]
[EventRounds "9"]
[EventCountry "POL"]
[SourceTitle "EXT 2024"]
[Source "ChessBase"]
[SourceDate "2023.10.10"]
[SourceVersion "1"]
[SourceVersionDate "2023.10.10"]
[SourceQuality "1"]

1. d4 Nf6 2. c4 e6 3. Nc3 c5 4. d5 d6 5. Nf3 exd5 6. cxd5 g6 7. Nd2 Bg7 8. e4 0-0 9. Be2 Nbd7 10. 0-0 a6 11. a4 Rb8 12. Nc4 Qe7 13. Bf4 Ne8 14. Re1 Ne5 15. Qd2 Nxc4 16. Bxc4 Bd7 17. a5 Bd4 18. Ra3 Nc7 19. Bxd6 Qxd6 20. e5 Bxe5 21. Ne4 Bxh2+ 22. Kh1 Qe5 23. Rf3 Ne8 24. Ng5 Bf4 25. Qxf4 Qxe1+ 26. Kh2 Qe7 27. d6 Qxd6 0-1

[Event "Warsaw Maciei Memorial"]
[Site "Warsaw"]
[Date "2023.07.10"]
[Round "2"]
[White "Gagare, Shardul"]
[Black "Nesterenko, Kyrylo"]
[Result "1-0"]
[WhiteElo "2480"]
[BlackElo "1907"]
[PlyCount "91"]
[EventDate "2023.07.10"]
[EventType "swiss (blitz)"]
[EventRounds "11"]
[EventCountry "POL"]
[SourceTitle "CBM 215 Extra"]
[Source "ChessBase"]
[SourceDate "2023.09.30"]
[SourceVersion "1"]
[SourceVersionDate "2023.09.30"]
[SourceQuality "1"]

1. c4 c5 2. g3 Nc6 3. b3 Nf6 4. Bb2 g6 5. Bxf6 exf6 6. Bg2 f5 7. Nc3 Bg7 8. Rc1 0-0 9. e3 d6 10. Nge2 Rb8 11. 0-0 Bd7 12. d4 h5 13. h4 Re8 14. Qd2 cxd4 15. Nxd4 Nxd4 16. exd4 Bc6 17. Nd5 Bxd5 18. Bxd5 Qf6 19. Rfd1 b6 20. b4 Rbc8 21. c5 dxc5 22. dxc5 bxc5 23. bxc5 Red8 24. c6 Kh7 25. Rc4 Rc7 26. Qa5 Qe7 27. Re1 Qd6 28. Bg2 Rdc8 29. Qa4 Bf6 30. Rd1 Qe7 31. Rb4 Bg7 32. Rb7 Qe2 33. Rdb1 a6 34. Qa5 Qe5 35. Qxe5 Bxe5 36. R1b6 a5 37. Rb5 Bc3 38. Rd5 Kg7 39. Rd3 Bf6 40. Ra3 Kf8 41. Rxa5 Bd8 42. Rab5 Bf6 43. a4 Bd4 44. a5 Ke7 45. a6 Kd6 46. Rd5+ 1-0

[Event "Warsaw Maciei Memorial"]
[Site "Warsaw"]
[Date "2023.07.10"]
[Round "7"]
[White "Nesterenko, Kyrylo"]
[Black "Baum, Jonasz"]
[Result "1/2-1/2"]
[WhiteElo "1907"]
[BlackElo "2420"]
[PlyCount "123"]
[EventDate "2023.07.10"]
[EventType "swiss (blitz)"]
[EventRounds "11"]
[EventCountry "POL"]
[SourceTitle "CBM 215 Extra"]
[Source "ChessBase"]
[SourceDate "2023.09.30"]
[SourceVersion "1"]
[SourceVersionDate "2023.09.30"]
[SourceQuality "1"]

1. Nf3 d5 2. e3 Nf6 3. c4 e6 4. d4 c5 5. a3 a6 6. dxc5 Bxc5 7. b4 Be7 8. Bb2 0-0 9. Nbd2 dxc4 10. Nxc4 b5 11. Na5 Bd7 12. Ne5 Be8 13. Be2 Nd5 14. 0-0 Bf6 15. Rc1 Nd7 16. Nac6 Qb6 17. Bd4 Qb7 18. Na5 Qb8 19. Nxd7 Bxd7 20. Bxf6 Nxf6 21. Qd4 e5 22. Qb2 Rc8 23. Rxc8+ Qxc8 24. Qxe5 Qc2 25. Bf3 Re8 26. Qd6 Qb2 27. Qd3 Rc8 28. h3 Qc3 29. Qd6 Qxa3 30. Qxa6 Qxb4 31. Rd1 Rf8 32. Nc6 Bxc6 33. Bxc6 Qb3 34. Ra1 b4 35. Qa2 Qxa2 36. Rxa2 Rb8 37. Kf1 Kf8 38. Ke2 Ke7 39. Kd3 Kd6 40. Ba4 Nd5 41. Bb3 Nc3 42. Ra6+ Kc5 43. Ra7 Rd8+ 44. Kc2 Ne4 45. Rc7+ Kb6 46. Rc4 Nxf2 47. Rxb4+ Kc7 48. Rf4 Nd1 49. Rxf7+ Kb6 50. Rxg7 Nxe3+ 51. Kc3 h5 52. Rg6+ Kc7 53. Rg5 Rd7 54. Rc5+ Kd8 55. Rg5 Rd6 56. g4 hxg4 57. hxg4 Rd7 58. Rg8+ Ke7 59. g5 Nd5+ 60. Bxd5 Rxd5 61. Rg7+ Kf8 62. Ra7 1/2-1/2

[Event "Warsaw Maciei Memorial"]
[Site "Warsaw"]
[Date "2023.07.10"]
[Round "5"]
[White "Nesterenko, Kyrylo"]
[Black "Minald, Andrey"]
[Result "1-0"]
[WhiteElo "1907"]
[BlackElo "2091"]
[PlyCount "122"]
[EventDate "2023.07.10"]
[EventType "swiss (blitz)"]
[EventRounds "11"]
[EventCountry "POL"]
[SourceTitle "CBM 215 Extra"]
[Source "ChessBase"]
[SourceDate "2023.09.30"]
[SourceVersion "1"]
[SourceVersionDate "2023.09.30"]
[SourceQuality "1"]

1. Nf3 f5 2. g3 Nf6 3. Bg2 g6 4. 0-0 Bg7 5. c4 0-0 6. Nc3 d6 7. d4 c6 8. Qc2 Be6 9. d5 cxd5 10. Ng5 Bf7 11. Nxf7 Rxf7 12. Nxd5 Qd7 13. Bg5 Nc6 14. Rfd1 Rc8 15. Nxf6+ Bxf6 16. Bxf6 Rxf6 17. c5 Rd8 18. Qb3+ Kg7 19. Rac1 h5 20. Qc3 a6 21. cxd6 exd6 22. Bxc6 bxc6 23. Qxc6 Qxc6 24. Rxc6 a5 25. Ra6 Rb8 26. b3 Rb5 27. Rd4 d5 28. Ra7+ Kh6 29. Ra4 Re6 30. e3 Rc5 31. R7xa5 Rc2 32. Rxd5 Rb2 33. h4 Rc6 34. Rd1 Rcc2 35. Rf1 Kg7 36. Ra6 Kf7 37. Kg2 Kg7 38. Ra4 Re2 39. Ra6 Rxe3 40. Rd1 Ree2 41. Rf1 Rec2 42. Ra7+ Kh6 43. Kf3 Re2 44. a4 Rec2 45. Rb7 Rc3+ 46. Kg2 Rcc2 47. a5 Rc5 48. b4 Rxa5 49. bxa5 Rxb7 50. Ra1 Ra7 51. a6 g5 52. hxg5+ Kxg5 53. Kf3 Kg6 54. Kf4 Kf6 55. Ra5 Kg6 56. f3 Kh6 57. Kxf5 Rf7+ 58. Ke4 Re7+ 59. Kd5 Rd7+ 60. Kc6 Rf7 61. a7 Rxf3 1-0

[Event "Malakhatko Memorial op"]
[Site "Chess.com INT"]
[Date "2023.06.14"]
[Round "3"]
[White "Nesterenko, Kyrylo"]
[Black "Piddubna, Bozhena"]
[Result "0-1"]
[WhiteElo "1897"]
[BlackElo "1982"]
[PlyCount "102"]
[EventDate "2023.06.14"]
[EventType "swiss (blitz)"]
[EventRounds "11"]
[EventCountry "USA"]
[SourceTitle "CBM 214 Extra"]
[Source "ChessBase"]
[SourceDate "2023.07.31"]
[SourceVersion "1"]
[SourceVersionDate "2023.07.31"]
[SourceQuality "1"]

1. e4 e5 2. Nf3 Nc6 3. Bc4 Nf6 4. d4 exd4 5. e5 d5 6. Bb5 Ne4 7. Nxd4 Bc5 8. 0-0 0-0 9. Nxc6 bxc6 10. Bxc6 Ba6 11. Qxd5 Bxf1 12. Bxa8 Bc4 13. Qxd8 Rxd8 14. Nd2 Bxf2+ 15. Kh1 Nxd2 16. Bxd2 Rxd2 17. Bf3 Rxc2 18. Rd1 g6 19. b3 Be2 20. Rd8+ Kg7 21. Bxe2 Rxe2 22. g4 Be3 23. Rd7 Bf4 24. Rxc7 Bxe5 25. Rxa7 Rxh2+ 26. Kg1 Bd4+ 27. Kxh2 Bxa7 28. Kg3 Kf6 29. Kf4 h5 30. gxh5 gxh5 31. a4 Bb8+ 32. Kf3 Kf5 33. a5 Bc7 34. b4 h4 35. Kg2 Kg4 36. Kh1 Kg3 37. a6 Bb6 38. b5 Kg4 39. Kg2 f5 40. Kh2 f4 41. Kg2 f3+ 42. Kh1 f2 43. Kg2 h3+ 44. Kf1 Kg3 45. Ke2 Kg2 46. Kd3 f1Q+ 47. Ke4 Qxb5 48. a7 Bxa7 49. Kf4 Bb8+ 50. Kg4 h2 51. Kh4 h1Q+ 0-1

[Event "UKR-ch U12"]
[Site "Lvov"]
[Date "2019.03.29"]
[Round "11"]
[White "Nesterenko, Kyrylo"]
[Black "Petrovskiy, Vadim1111"]
[Result "0-1"]
[WhiteElo "1592"]
[BlackElo "1974"]
[PlyCount "72"]
[EventDate "2019.03.19"]
[EventType "tourn"]
[EventRounds "11"]
[EventCountry "UKR"]
[SourceTitle "CBM 190 Extra"]
[Source "ChessBase"]
[SourceDate "2019.07.15"]
[SourceVersion "1"]
[SourceVersionDate "2019.07.15"]
[SourceQuality "1"]

1. d4 Nf6 2. c4 g6 3. Nf3 Bg7 4. g3 0-0 5. Bg2 d6 6. 0-0 Nbd7 7. Qc2 e5 8. Rd1 Qe7 9. Nc3 c6 10. e4 exd4 11. Nxd4 Ne5 12. b3 c5 13. Nde2 Bg4 14. h3 Nf3+ 15. Kf1 Nd4 16. Qd3 Bxe2+ 17. Nxe2 Nxe2 18. Qxe2 Nd5 19. Bb2 Nc3 20. Bxc3 Bxc3 21. Rac1 Bd4 22. f4 a6 23. Re1 Rab8 24. a4 b5 25. axb5 axb5 26. cxb5 Qd7 27. Rb1 Rxb5 28. Qc4 Rfb8 29. Red1 Rb4 30. Qc2 Qb5+ 31. Rd3 c4 32. Rdd1 Rxb3 33. Rxb3 cxb3+ 34. Qe2 b2 35. Rb1 Qb3 36. Qe1 Qd3+ 0-1

[Event "UKR-ch U12"]
[Site "Lvov"]
[Date "2019.03.24"]
[Round "6"]
[White "Samunenkov, Igor"]
[Black "Nesterenko, Kyrylo"]
[Result "1/2-1/2"]
[WhiteElo "1965"]
[BlackElo "1592"]
[PlyCount "58"]
[EventDate "2019.03.19"]
[EventType "tourn"]
[EventRounds "11"]
[EventCountry "UKR"]
[SourceTitle "CBM 190 Extra"]
[Source "ChessBase"]
[SourceDate "2019.07.15"]
[SourceVersion "1"]
[SourceVersionDate "2019.07.15"]
[SourceQuality "1"]

1. e4 c5 2. Nf3 e6 3. d4 cxd4 4. Nxd4 Qb6 5. Nc3 Bc5 6. Be3 Nc6 7. Na4 Qa5+ 8. c3 Bxd4 9. Bxd4 Nxd4 10. Qxd4 e5 11. Qb4 Qxb4 12. cxb4 Nf6 13. Nc3 Ke7 14. Bc4 d6 15. Nd5+ Nxd5 16. Bxd5 Be6 17. Bxb7 Rab8 18. Bd5 Bxd5 19. exd5 Rxb4 20. 0-0-0 Rc8+ 21. Kb1 Rc5 22. Rd2 f5 23. f3 Kf6 24. Rc1 Rbb5 25. Rxc5 Rxc5 26. b4 Rb5 27. a3 a5 28. Kb2 axb4 29. a4 Rb8 1/2-1/2

[Event "UKR-ch U12"]
[Site "Lvov"]
[Date "2019.03.21"]
[Round "3"]
[White "Nesterenko, Kyrylo"]
[Black "Sidletskiy, Ivan"]
[Result "0-1"]
[WhiteElo "1592"]
[BlackElo "1845"]
[PlyCount "74"]
[EventDate "2019.03.19"]
[EventType "tourn"]
[EventRounds "11"]
[EventCountry "UKR"]
[SourceTitle "CBM 190 Extra"]
[Source "ChessBase"]
[SourceDate "2019.07.15"]
[SourceVersion "1"]
[SourceVersionDate "2019.07.15"]
[SourceQuality "1"]

1. d4 Nf6 2. c4 g6 3. Nc3 Bg7 4. e4 d6 5. Be2 0-0 6. Nf3 e5 7. 0-0 Nc6 8. d5 Ne7 9. Re1 Nd7 10. Bf1 h6 11. g3 f5 12. exf5 gxf5 13. Nh4 a6 14. Bh3 Nf6 15. f4 e4 16. Be3 b5 17. c5 b4 18. cxd6 cxd6 19. Na4 Nfxd5 20. Bd4 Bf6 21. Bxf6 Rxf6 22. Qd4 Bd7 23. b3 Bxa4 24. bxa4 Qb6 25. Rad1 a5 26. Qxb6 Nxb6 27. Rc1 d5 28. Rc7 Kf8 29. Rec1 Nxa4 30. Rb7 Nc3 31. Kf2 d4 32. Ke1 Rd8 33. Kd2 d3 34. Ng2 Ned5 35. Re1 a4 36. Ne3 Nxe3 37. Rxe3 Nxa2 0-1

[Event "UKR-ch U12"]
[Site "Lvov"]
[Date "2019.03.20"]
[Round "2"]
[White "Bazakutsa, Svyatoslav"]
[Black "Nesterenko, Kyrylo"]
[Result "1-0"]
[WhiteElo "1808"]
[BlackElo "1592"]
[PlyCount "111"]
[EventDate "2019.03.19"]
[EventType "tourn"]
[EventRounds "11"]
[EventCountry "UKR"]
[SourceTitle "CBM 190 Extra"]
[Source "ChessBase"]
[SourceDate "2019.07.15"]
[SourceVersion "1"]
[SourceVersionDate "2019.07.15"]
[SourceQuality "1"]

1. c4 Nf6 2. g3 c5 3. Bg2 g6 4. Nf3 Bg7 5. Nc3 Nc6 6. d4 cxd4 7. Nxd4 0-0 8. 0-0 Nxd4 9. Qxd4 d6 10. Qd3 a6 11. Bd2 Bf5 12. e4 Be6 13. b3 Rc8 14. Rac1 Nd7 15. Be3 Ne5 16. Qe2 Ng4 17. Bd2 Ne5 18. f4 Bg4 19. Qe3 Nc6 20. Kh1 Bd4 21. Qd3 Bd7 22. Be3 Bxe3 23. Qxe3 Qa5 24. a4 e6 25. Rfd1 Qc7 26. Rd2 Rfd8 27. Rcd1 Be8 28. f5 Qe7 29. Qf4 Qf6 30. Ne2 e5 31. Qh6 Na5 32. Qe3 Rc5 33. g4 b6 34. g5 Qe7 35. f6 Qf8 36. Kg1 Bc6 37. h4 h5 38. Nc1 Bb7 39. Nd3 Nxb3 40. Nxc5 Nxc5 41. a5 Bc6 42. axb6 Ne6 43. c5 Nd4 44. Rxd4 exd4 45. Qxd4 Qe8 46. cxd6 Qd7 47. e5 Bxg2 48. Kxg2 Qc6+ 49. Qd5 Qd7 50. Qf3 Rc8 51. Rd2 Rc4 52. b7 Rg4+ 53. Kf2 Rb4 54. e6 Qxe6 55. d7 Qb6+ 56. Kg2 1-0